• 首页
  • 本馆介绍
  • 公告通知
  • 最新文献
  • 馆藏检索
  • 电子资源
  • 读者导购
  • 参考咨询
  • 我的图书馆
  • 登录
  • 详细信息显示
  • 放入我的书架
  • 预约/预借图书
  • 作者相关作品
  • 分类相关作品
  • 丛书相关作品
  • 出版社相关作品

书目信息

  • 表格格式
  • 工作单格式
  • 卡片格式
题名:
魔方解法
    
 
作者: 诺尔斯 著 ;吴永强 , 晓瓦 译
分册:  
出版信息: 北京   世界知识出版社  1982
页数: 54页
开本: 19cm
丛书名:
单 册:
中图分类: G898.2
科图分类:
主题词: 智力游戏
电子资源:
ISBN:
000 00674nam0 2200253 45
001 0182002167
005 20060812145422.23
010    @dCNY0.20
091    @aCN@b7003.101
100    @a19950113d1982 em y0chiy0121 ea
101 1  @achi@ceng
102    @aCN@b110000
105    @ay z 000yy
200 10 @a魔方解法@Amo fang jie fa@f(美)詹·诺尔斯著@g晓瓦,吴永强译
210    @a北京@c世界知识出版社@d1982
215    @a54页@d19cm
606    @a智力游戏
690    @aG898.2@v3
701  1 @a诺尔斯@Anuo er si@b詹@4著
702  0 @a吴永强@Awu yong qiang@4译
702  0 @a晓瓦@Axiao wa@4译
801  2 @aCN@bNLC@c20060812
801  0 @aCN@bTSSF
905    @a10447@dG898.2@e217
    
    魔方解法/(美)詹·诺尔斯著/晓瓦,吴永强译.-北京:世界知识出版社,1982
    54页;19cm
    
    
    ISBN :CNY0.20
    
●
相关链接 在E读中查询图书 在五车中查询图书 在当当中查询图书 在豆瓣中查询图书


正题名:魔方解法     索取号:G898.2/217         预约/预借

序号 登录号 条形码 馆藏地/架位号 状态 备注
1 0449095   204490951   第一样本阅览室/ [索取号:G898.2/217] 在馆    
唐山师范学院图书馆 欢迎您!
大连网信软件有限公司© 版权所有